Statistics for Largest Cities & Towns of OREGON by First Letter

Click here to take the quiz!

General Stats

  • This quiz has been taken 45 times
  • The average score is 11 of 23

Answer Stats

Letter Population CITY % Correct
P653,115Portland
97%
E171,245Eugene
97%
S173,442Salem
95%
H108,389Hillsboro
81%
B98,962Beaverton
81%
C58,641Corvallis
76%
G110,158Gresham
73%
O37,129Oregon City
62%
T54,758Tigard
57%
M2,347Medford
57%
A54,453Albany
54%
U7,171Umatilla
38%
R30,914Redmond
38%
L39,532Lake Oswego
38%
N23,844Newberg
30%
Y1,172Yamhill
27%
F24,624Forest Grove
22%
D16,701Dallas
22%
W26,756West Linn
22%
J6,182Junction City
16%
K39,692Keizer
14%
V5,054Veneta
14%
I10,154Independence
11%

Score Distribution

Percentile by Number Answered

Percent of People with Each Score

Your Score History

You have not taken this quiz